000 00309 a2200133 4500
999 _c324336
_d324336
001 89263
003 NUST
082 _a910.4 ISH
100 _aIshfaq Ahmad
_9348
245 _aSafar Dar Safar
260 _aLahore
_bSang-e-meel Publications
_c2013
300 _a260p.
500 _aGeneral Books
942 _aCAE NUST
_cBK
_k910.4 ISH
_2ddc